Szczegóły MARC21

Historia literatury francuskiej w zarysie /

003 -Nazwa inst., której nr kontr. jest w polu 001 [,]
    • @
    • Nazwa instytucji, której n kontrolny jest w polu 001
    • NUKAT
005 -DATA I CZAS OSTATNIEJ MODYFIKACJI [,]
    • @
    • pole kontrolne
    • 20241231085621.0
040 -Instytucja sporządzająca opis [ , ]
    • a
    • Instytucja, która sporządziła opis (NP)
    • KR U/66GK
    • c
    • Instytucja, która sporządziła rekord (NP)
    • KR U/66GK
    • d
    • Instytucja, która zmodyfikowała rekord (P)
    • KR U/66GK
041 -Język dokumentu [1, ]
    • a
    • Język tekstu (P)
    • polski
    • h
    • Język tekstu oryginalnego i/lub pośredniego (P)
    • francuski
942 -Rodzaj dokumentu [ , ]
    • c
    • Rodzaj dokumentu
    • Książka
100 -Hasło główne - nazwa osobowa [1, ]
    • a
    • Nazwa osobowa (NP)
    • Lanson, Gustave
    • d
    • Daty biograficzne (NP)
    • (1857-1934).
    • 9
    • KHW
    • 48807
240 -Tytuł ujednolicony [1,0]
    • a
    • Tytuł ujednolicony
    • Histoire de la littérature française
    • l
    • Język tekstu
    • (pol. ;
    • k
    • Sformalizowane określenie
    • adaptacja)
    • 9
    • KHW
    • 475467
245 -Strefa tytułu i oznaczenia odpowiedzialności [1,0]
    • a
    • Tytuł
    • Historia literatury francuskiej w zarysie / Find
    • c
    • Pozostałe elementy strefy tytułu i oznaczenia odpowiedzialności (NP)
    • G. Lanson, P. Tuffrau ; [przeł. Wiera Bieńkowska].
246 -Wariant tytułu [1, ]
    • i
    • Tekst wyświetlany na ekranie monitora (NP)
    • Tyt. oryg.:
    • a
    • Tytuł (NP)
    • Manuel illustré d'historire de la littérature française des origines a l'époque contemporaine
250 -Strefa wydania [ , ]
    • a
    • Oznaczenie wydania (NP)
    • Wyd. 3.
260 -Strefa adresu wydawniczego [ , ]
    • a
    • Miejsce wydania (P)
    • Warszawa :
    • b
    • Nazwa wydawcy (P)
    • Państwowe Wydaw. Naukowe,
    • c
    • Data wydania (P)
    • 1971.
300 -Strefa opisu fizycznego [ , ]
    • a
    • Określenie formy książki i/lub objętość (NP)
    • 825, [2] s. ;
    • c
    • Format (NP)
    • 25 cm.
336 -Typ zawartości [ , ]
    • a
    • Termin opisujący typ zawartości
    • Tekst
    • b
    • Kod określający zawartość
    • txt
    • 2
    • Źródło (terminu i kodu)
    • rdacontent
337 -Typ mediów [ , ]
    • a
    • Tryb odtwarzania
    • Bez urządzenia pośredniczącego
    • b
    • Kod typu mediów
    • n
    • 2
    • Źródło (terminu i kodu)
    • rdamedia
338 -Typ/rodzaj nośnika [ , ]
    • a
    • Hasło opisujące typ nośnika
    • Wolumin
    • b
    • Kod typu nośnika
    • nc
    • 2
    • Źródło (terminu i kodu)
    • rdacarrier
504 -Uwaga dot. bibliogr. załącznikowej [ , ]
    • a
    • Uwaga dot. bibliografii załącznikowej
    • Bibliogr. po rozdz. Indeks.
080 -Uniwersalna Klasyfikacja Dziesiętna [ , ]
    • 2
    • Identyfikator wydania tablic
    • UDC-P058
    • a
    • Symbol klasyfikacji
    • 821.133.1(091)
    • b
    • Dopowiedzenie
    • Historia literatury francuskiej.
650 -Hasło przedmiotowe [ ,7]
    • a
    • Hasło przedmiotowe
    • Literatura francuska
    • x
    • Określnik rzeczowy
    • historia i krytyka.
    • 2
    • Źródło terminu
    • kaba
    • 9
    • KHW
    • 353615
980 -Symbol UKD [ , ]
    • a
    • UKD
    • 821.133.1(091)
700 -Hasło dodatkowe - nazwa osobowa [1, ]
    • a
    • Nazwa osobowa (NP)
    • Bieńkowska, Wiera Find
    • d
    • Daty biograficzne (NP)
    • (1912-1995).
    • e
    • Określenie rodzaju współpracy
    • Tł.
    • 9
    • KHW
    • 7359
700 -Hasło dodatkowe - nazwa osobowa [1, ]
    • a
    • Nazwa osobowa (NP)
    • Tuffrau, Paul Find
    • d
    • Daty biograficzne (NP)
    • (1887-1973).
    • 9
    • KHW
    • 475465
Lokalizacja Sygnatura Status udost. Uwagi nie widoczne w OPAC Data inwentaryzacji Numer inwentarzowy
BG -3retrokonwersja W.2679
BG -3retrokonwersja W.111697
BG -3retrokonwersja W.2680
BGZ.549-6retrokonwersja Z.549
BMFR. Literatura francuska 131  JO.1